01848cam a22004574i 4500003000900000005001700009008004100026035001800067040003300085049000900118082001700127100003000144245004700174264006300221300002800284336002100312337002500333338002300358504003900381505030100420526001000721526001000731526001000741526001000751526000800761526000800769526000800777526000800785526000800793526000800801526000800809650003400817910001800851942001400869949013000883994001401013596000601027999015001033980005501183952015201238PE-LiUPU20250731173521.0150616s r 000 0 d a(Sirsi) a8298 aPE-LiUPUbspacPE-LiUPUerda aPRUA04a254bA572211 aAnderson, Ray S.,eautor.10aMinding God's Business /cRay S. Anderson. 1aMichigan :bWilliam B. Eerdmans Publishing Company,c1990. a156 páginas ;c23 cm. atext2rdacontent aunmediated2rdamedia avolume2rdacarrier aBibliografía: páginas 145-153.0 aWhat in the World Is God Doing?.- A Little Theology Never Hurt Anyone!.- Management, Megatrends, and Methods.- Leadership Development for Christian Organizations.- Pray, Plan an Punt!.- A Case for Excellence in Christian Organizations.- But Is All Of This Really Spiritual?.- For Further Reading. aSEG42 aSEG41 aSEG40 aSEG39 aP94 aP87 aP86 aP85 aP77 aP76 aP3504aAdministración de iglesias. ajckbjvqcjck 2ddccBOOK a254 A57wDEWEYc1i41872lCCODEBUL1mBULp00.00r0sYtBOOKu19961025xTEOLOGIAzUNKNOWN0COMPRAo.STAFF. Colección General aC0bPEPRU a1 a254 A57wDEWEYc59634i41872f2021-11-10g5lCCODEBUL1mBULr0sYtBOOKu2015-6-16xTEOLOGIAzUNKNOWN0COMPRAo.STAFF. Colección Generald59634 81gALBERTO SANCHEZ Responsable de Automatización r2025-12-02 00:00:00i6l0o254 A57p41872te1w2015-06-16xPGyBKzinventario-2023-12-13102ddc50708GENfP94aBULbBULcGENd2015-06-16eCOMPRA